<?xml version="1.0" encoding="UTF-8"?>
<marc:record xmlns:marc="http://www.loc.gov/MARC21/slim">
   <marc:leader>00000nam a2200000 a 4500</marc:leader>
   <marc:datafield ind1="1" ind2=" " tag="100">
      <marc:subfield code="a">Kessler, Nicola</marc:subfield>
      <marc:subfield code="4">aut</marc:subfield>
      <marc:subfield code="e">Verfasser/-in</marc:subfield>
   </marc:datafield>
   <marc:datafield ind1="1" ind2=" " tag="100">
      <marc:subfield code="a">Kührt, Christiane</marc:subfield>
      <marc:subfield code="4">aut</marc:subfield>
      <marc:subfield code="e">Verfasser/-in</marc:subfield>
   </marc:datafield>
   <marc:datafield ind1=" " ind2=" " tag="653">
      <marc:subfield code="a">Schmerz</marc:subfield>
   </marc:datafield>
   <marc:datafield ind1=" " ind2=" " tag="653">
      <marc:subfield code="a">Heilkunde</marc:subfield>
   </marc:datafield>
   <marc:datafield ind1="0" ind2="0" tag="245">
      <marc:subfield code="a">Jin Shin Jyutsu</marc:subfield>
   </marc:datafield>
   <marc:datafield ind1="0" ind2="0" tag="245">
      <marc:subfield code="b">schnelle Selbsthilfe durch sanfte Berührung</marc:subfield>
   </marc:datafield>
   <marc:datafield ind1="0" ind2="0" tag="245">
      <marc:subfield code="c">Nicola Kessler ; Christiane Kührt</marc:subfield>
   </marc:datafield>
   <marc:datafield ind1=" " ind2="1" tag="264">
      <marc:subfield code="a">München</marc:subfield>
      <marc:subfield code="b">Gräfe und Unzer</marc:subfield>
      <marc:subfield code="c">2005</marc:subfield>
   </marc:datafield>
   <marc:datafield ind1="1" ind2=" " tag="520">
      <marc:subfield code="a">Eine Selbsthilfemethode, die zeigt, wie sich mit gezielten Berührungen eine Vielzahl von Beschwerden lindern lässt. (NK)      Jin Shin kann man mit "die Kunst, mir helfen zu lernen" übersetzen: Es handelt sich dabei um eine Heilmethode, die mittels sanfter Berührungen mit den Fingerspitzen Energieströme durch den Körper sendet. Die Jin Shin-Lehre geht davon aus, dass sich Beschwerden aufgrund von Energieblockaden im Körper entwickeln und daher gelindert werden können, wenn die energetische Balance wieder ins Lot gebracht wird.   Der vorliegende 126-seitige GU Ratgeber beginnt mit einer etwa 25 Seiten langen Einführung in die Philosophie des Jin Shin Jyutsu, beschreibt dann die Technik, wie die Griffe anzuwenden sind, und geht anschließend auf einzelne gesundheitliche Beschwerden von Allergien bis Zahnschmerzen ein. Einige Seiten beschäftigen sich mit Erste Hilfe-Griffen bei Atemnot, Verschlucken und Ähnlichem. Ein Kapitel mit der Überschrift "Service" bietet weitere hilfreiche Bücher, Adressen und Internetlinks an. Wie in dieser Reihe üblich, stechen die zahlreichen informativen Fotos und das übersichtliche Layout hervor. Das Buch zeigt auf, wie bedeutsam die einfühlende Hellhörigkeit seinem Körper gegenüber ist und stellt damit einen weiteren Beitrag zum breiten Gesundheitsbewusstsein dar. Empfohlen!  *bn* Doris Göldner</marc:subfield>
   </marc:datafield>
   <marc:datafield ind1=" " ind2=" " tag="020">
      <marc:subfield code="a">9783774267404</marc:subfield>
      <marc:subfield code="9">9783774267404</marc:subfield>
   </marc:datafield>
   <marc:datafield ind1=" " ind2=" " tag="041">
      <marc:subfield code="a">ger</marc:subfield>
   </marc:datafield>
   <marc:datafield ind1=" " ind2=" " tag="300">
      <marc:subfield code="a">126 S. : zahlr. Ill.</marc:subfield>
   </marc:datafield>
</marc:record>
